Soap Operas (U.K.) Quiz Stats

 Plays Quiz Updated Sep 13, 2012

Score 0/8 Timer 05:00
1 Play Today
Years Soap Opera % Correct
1985 - EastEnders
97.3%
1960-Coronation Street
96.1%
1972-Emmerdale
90.2%
1995-Hollyoaks
83.7%
1982-2003Brookside
67.1%
1964-1988Crossroads
55.7%
1980-2003Take the High Road
13.2%
1974-Pobol y Cwm
4.3%

You're not logged in!

Compare scores with friends on all Sporcle quizzes.
OR
Log In

Show Comments

Extras

Top Quizzes Today


Score Distribution

Your Account Isn't Verified!

In order to create a playlist on Sporcle, you need to verify the email address you used during registration. Go to your Sporcle Settings to finish the process.

Report this User

Report this user for behavior that violates our Community Guidelines.

Details: